| 000 | 00992nam a2200325 a 4500 | ||
|---|---|---|---|
| 001 | 50391 | ||
| 003 | BD-RJUL | ||
| 005 | 20211209075512.0 | ||
| 008 | 160827r19811963enka b 001 0 eng | ||
| 020 | _a0205049168 | ||
| 035 | _a(BD-RJUL)50511 | ||
| 040 |
_aDLC _cDLC _dNEH _dBD-RJUL _beng |
||
| 041 | _aeng | ||
| 060 | _aLB 1050.5 S732d 1976 | ||
| 082 |
_a428.42 _223 _bSPC 1981 |
||
| 100 | 1 | 0 |
_aSpache, George Daniel _9151002 |
| 245 | 1 | 0 |
_aDiagnosing and correcting reading disabilities / _cGeorge D. Spache, Ken Mcllroy and paul C. Berg |
| 260 |
_aLondon : _bAllyn and Bacon, _cc1981 |
||
| 300 |
_axii, 234 p. : _bill. ; _c24 cm. |
||
| 490 | _aMargaret quinlin | ||
| 500 | _aIncludes index. | ||
| 650 | 0 |
_aReading _xRemedial teaching. _9138772 |
|
| 650 | 0 |
_aReading disability. _9151003 |
|
| 650 | 2 |
_aRemedial Teaching _9151004 |
|
| 700 |
_aMcllroy Ken _9151005 |
||
| 700 |
_aBerg paul C. _9151006 |
||
| 856 | _3Margaret quinlin | ||
| 942 |
_2ddc _cBK |
||
| 999 |
_c50391 _d50391 |
||